První obrázky : (básnická sbírka) /

Hlavní autor: Mikulášek, Oldřich, 1910-1985
Jazyk: Čeština
Vydáno: Praha : Československý spisovatel, 1982
Vydání: 3. vyd.
Edice: Malá edice poezie (Československý spisovatel)
Témata:
Externí odkaz: Digitalizovaný dokument
Fyzický popis: 87 s. : obr. ; 13 cm
Knihy
Uloženo v:
LEADER 01246nam a22003132a 4500
001 000760127
003 CZ BrMZK
005 20140620135327.0
007 ta
008 050119s1982 xr gr|||||||||p|cze d
015 |a cnb000402515 
035 |a (OCoLC)85280685 
040 |a BOA001  |b cze 
072 7 |a 821.162.3-1  |x Česká poezie  |2 Konspekt  |9 25 
080 |a 821.162.3-1  |2 MRF 
080 |a (0:82-1)  |2 MRF 
100 1 |a Mikulášek, Oldřich,  |d 1910-1985  |7 jk01081628  |4 aut 
245 1 0 |a První obrázky :  |b (básnická sbírka) /  |c Oldřich Mikulášek ; ilustrace Emilie Tomanová 
250 |a 3. vyd. 
260 |a Praha :  |b Československý spisovatel,  |c 1982 
300 |a 87 s. :  |b obr. ;  |c 13 cm 
490 1 |a Malá edice poezie 
655 7 |a česká poezie  |7 fd133958  |2 czenas 
830 0 |a Malá edice poezie (Československý spisovatel)  |0 s 
856 4 1 |u http://www.digitalniknihovna.cz/mzk/uuid/uuid:0265e650-7afb-11e4-ad1c-005056827e51  |y Digitalizovaný dokument  |x NDK 
910 |a BOA001  |b PK-0023.270-82  |b 1-0854.320 
990 |a BK 
996 7 |b 2619946308  |c 1-0854.320  |l MZK  |r Sklad / do 1 hodiny  |n 7  |w 000760127  |u 000020  |a 1  |e BOA001  |j MZK50  |s A 
996 6 |b BC-187413  |c PK-0023.270-82  |l MZK  |r Sklad / do 1 hodiny  |n 0  |w 000760127  |u 000010  |a 1  |e BOA001  |j MZK50  |s P